| 000 | 00866nam a2200265 a 4500 | ||
|---|---|---|---|
| 001 | 000111423 | ||
| 003 | CHAP | ||
| 005 | 20220329144210.0 | ||
| 008 | 150409s2013 mx a |rm |0|||||spa d | ||
| 010 | _a107885 | ||
| 011 | _a108857 | ||
| 040 | _cCHAP | ||
| 090 | _aTesis | ||
| 100 | 1 |
_aRubio Méndez, Gabriel _9100487 |
|
| 245 | 1 | 0 |
_aEstudio para la conservación a largo plazo de Dioon Edule en San Luis Potosí / _cpor Gabriel Rubio Méndez. |
| 260 |
_aSan Luis Potosí, SLP. México : _bEl autor, _c2013. |
||
| 300 |
_a70 h. : _bil. |
||
| 502 | _aTesis (M. C. en Ciencias Ambientales) -- UASLP. Facultad de Ciencias Químicas, Ingeniería y Medicina | ||
| 590 |
_aE5652GLJ _b05 _c20150409 _lUCH01 _h1448 |
||
| 650 | 1 | 4 |
_aDioon edule _xConservación. _9129285 |
| 650 | 1 | 4 |
_aDioon edule _xInventario. _9129286 |
| 901 | _aBK | ||
| 942 | _cTESIS | ||
| 942 | _n0 | ||
| 999 |
_c107885 _d107885 |
||